000 01300nam0a22002891 4500
001 rc\343300
005 20250621050509.0
035 _a(NLR Aleph) 005586820
090 _a6170476
_c6170476
100 _a20030307d1989 |||y0rusy50 ca
101 0 _arus
102 _aRU
105 _ay |||||||||
200 1 _aЗащита прав потребителей в зарубежных странах
_fМ.З. Штернгард, к. э. н.
210 _aМ.
_cЦНИИНТЭИ торговли
_d1989
215 _a40 с.
_d20
225 1 _aГосударственная торговля
_iСерия "Торговля"
_eОбзор. информ.
_fЦНИИ науч., техн. и экон. информ. в торговле и обществ. питании
_vВып. 9
225 1 _aВ помощь слушателям школы экономического образования
300 _aНа обл. авт. не указан
300 _aВ надзаг. также: М-во торговли СССР
320 _aБиблиогр.: с. 40 и в подстроч. примеч.
700 1 _aШтернгарц
_bМ.З.
_f1927-
_gМотель Зельманович
801 0 _aRU
_bNLR
_gpsbo
801 1 _aRU
_bELAR
_2rusmarc
852 _aNLR
_jП22/3526
942 _cBOOK
980 _aNB